[Event "Lleida-ch U14"]
[Site "Balaguer"]
[Date "2014.03.01"]
[Round "6.4"]
[White "Gine Pla, Arnau"]
[Black "Costa Esteve, Ricard"]
[Result "0-1"]
[WhiteElo "1700"]
[BlackElo "1700"]
[PlyCount "76"]
[EventDate "2014.01.25"]
[EventType "swiss"]
[EventRounds "6"]
[EventCountry "ESP"]
[SourceTitle "EXT 2024"]
[Source "ChessBase"]
[SourceDate "2023.10.10"]
[SourceVersion "1"]
[SourceVersionDate "2023.10.10"]
[SourceQuality "1"]

1. e4 e6 2. d4 d5 3. Nc3 Nf6 4. Bg5 Be7 5. Nf3 c5 6. Bd3 Nc6 7. Bb5 Rb8 8. e5 Nd7 9. Be3 Qb6 10. a3 a6 11. Bxc6 bxc6 12. b3 h6 13. Qd3 0-0 14. 0-0 a5 15. Qd2 Rd8 16. Na4 Qa7 17. Qc3 Rb5 18. Nb2 Ba6 19. Rfe1 Rdb8 20. Rab1 R5b7 21. Qxa5 c4 22. Qc3 Bxa3 23. bxc4 Bb4 24. Qd3 Bxe1 25. Nxe1 Rxb2 26. Rxb2 Rxb2 27. Qd2 Bxc4 28. Qc1 Qb6 29. h3 Rb1 30. Qd2 c5 31. c3 cxd4 32. Bxd4 Qb2 33. Qe3 Qa1 34. Kh2 Rxe1 35. Qf4 Rg1 36. Be3 Qf1 37. Qg4 Be2 38. Qg3 Rh1# 0-1